[Event "Elekes Memorial op"]
[Site "Budapest"]
[Date "2015.07.22"]
[Round "5"]
[White "Szep, Janos"]
[Black "Baranyai, Tamas"]
[Result "1-0"]
[WhiteElo "1831"]
[BlackElo "1633"]
[PlyCount "29"]
[EventDate "2015.07.18"]
[EventType "swiss"]
[EventRounds "9"]
[EventCountry "HUN"]
[SourceTitle "EXT 2016"]
[Source "ChessBase"]
[SourceDate "2015.10.08"]
[SourceVersion "1"]
[SourceVersionDate "2015.10.08"]
[SourceQuality "1"]

1. Nf3 f5 2. d4 d6 3. c4 Nf6 4. Nc3 g6 5. b3 Bg7 6. Bb2 0-0 7. e3 a6 8. Be2 Qe8 9. 0-0 e5 10. dxe5 dxe5 11. Nd5 Rf7 12. Bxe5 Rd7 13. Bxf6 c6 14. Bxg7 Kxg7 15. Qd4+ 1-0